Constitutional Law of India (Record no. 169315)
[ view plain ]
| 000 -LEADER | |
|---|---|
| fixed length control field | 00395nam a2200157Ia 4500 |
| 008 - FIXED-LENGTH DATA ELEMENTS--GENERAL INFORMATION | |
| fixed length control field | 230917s9999||||xx |||||||||||||| ||und|| |
| 040 ## - CATALOGING SOURCE | |
| -- | 199932 |
| Original cataloging agency | VIVEKANANDA LIBRARY |
| 041 ## - Language | |
| -- | English |
| 082 ## - DDC NUMBER | |
| Classification number | 342.54 P192C(48) |
| 100 ## - MAIN ENTRY--PERSONAL NAME | |
| Personal name | Pandey, J N |
| 245 #0 - TITLE STATEMENT | |
| Title | Constitutional Law of India |
| 250 ## - EDITION STATEMENT | |
| Edition statement | 48th ed. |
| 260 ## - PUBLICATION, DISTRIBUTION, ETC. (IMPRINT) | |
| Place of publication, distribution, etc | Allahabad |
| Name of publisher, distributor, etc | Central Law Agency |
| Date of publication, distribution, etc | 2011 |
| 300 ## - PHYSICAL DESCRIPTION | |
| Pages | xlviii, 810 p. |
| 942 ## - ADDED ENTRY ELEMENTS (KOHA) | |
| Koha item type | Books |
| Withdrawn status | Lost status | Damaged status | Not for loan | Location (home branch) | Sublocation or collection (holding branch) | Date acquired | Koha issues (times borrowed) | Koha full call number | Accession No. | Koha date last seen | Koha item type | Source of classification or shelving scheme |
|---|---|---|---|---|---|---|---|---|---|---|---|---|
| VIVEKANANDA LIBRARY | VIVEKANANDA LIBRARY | 21/06/2012 | 5 | 342.54 P192C(48) | 315843 | 14/10/2024 | Books | |||||
| VIVEKANANDA LIBRARY | VIVEKANANDA LIBRARY | 21/06/2012 | 4 | 342.54 P192C(48) | 315844 | 10/10/2025 | Books | |||||
| VIVEKANANDA LIBRARY | VIVEKANANDA LIBRARY | 21/06/2012 | 4 | 342.54 P192C(48) | 315845 | 16/04/2026 | Books | |||||
| VIVEKANANDA LIBRARY | VIVEKANANDA LIBRARY | 21/06/2012 | 342.54 P192C(48) | 315846 | 17/09/2023 | Books | ||||||
| VIVEKANANDA LIBRARY | VIVEKANANDA LIBRARY | 21/06/2012 | 1 | 342.54 P192C(48) | 315847 | 24/04/2026 | Books | |||||
| VIVEKANANDA LIBRARY | VIVEKANANDA LIBRARY | 21/06/2012 | 342.54 P192C(48) | 315848 | 17/09/2023 | Books | ||||||
| VIVEKANANDA LIBRARY | VIVEKANANDA LIBRARY | 21/06/2012 | 342.54 P192C(48) | 315849 | 17/09/2023 | Books | ||||||
| Withdrawn | Damaged | VIVEKANANDA LIBRARY | VIVEKANANDA LIBRARY | 21/06/2012 | 342.54 P192C(48) | 315850 | 17/09/2023 | Books | Dewey Decimal Classification | |||
| VIVEKANANDA LIBRARY | VIVEKANANDA LIBRARY | 21/06/2012 | 1 | 342.54 P192C(48) | 315851 | 17/04/2026 | Books | |||||
| VIVEKANANDA LIBRARY | VIVEKANANDA LIBRARY | 21/06/2012 | 1 | 342.54 P192C(48) | 315852 | 15/12/2023 | Books |
